Chủ tịch Hồ Chí Minh với văn hóa - văn nghệ Việt Nam
Tuyển chọn các bài viết về Chủ tịch Hồ Chí Minh liên quan đến văn hoá ngôn từ và nghệ thuật: Bác Hồ với nguồn tục ngữ dân tộc; hình ảnh Bác Hồ trong thơ ca dân gian các dân tộc thiểu số...
Wedi'i Gadw mewn:
| Fformat: | Llyfr |
|---|---|
| Iaith: | Undetermined |
| Cyhoeddwyd: |
Hà Nội
Hội nhà văn
2020
|
| Pynciau: | |
| Tagiau: |
Ychwanegu Tag
Dim Tagiau, Byddwch y cyntaf i dagio'r cofnod hwn!
|
| Thư viện lưu trữ: | Trung tâm Học liệu Trường Đại học Cần Thơ |
|---|
| LEADER | 00926nam a2200193Ia 4500 | ||
|---|---|---|---|
| 001 | CTU_239626 | ||
| 008 | 210402s9999 xx 000 0 und d | ||
| 082 | |a 306.09597 | ||
| 082 | |b Ch500/T.2 | ||
| 245 | 0 | |a Chủ tịch Hồ Chí Minh với văn hóa - văn nghệ Việt Nam | |
| 245 | 0 | |c Vũ Quang Dũng, Hoàng Anh Tuấn (Tuyển chọn, giới thiệu) | |
| 260 | |a Hà Nội | ||
| 260 | |b Hội nhà văn | ||
| 260 | |c 2020 | ||
| 520 | |a Tuyển chọn các bài viết về Chủ tịch Hồ Chí Minh liên quan đến văn hoá ngôn từ và nghệ thuật: Bác Hồ với nguồn tục ngữ dân tộc; hình ảnh Bác Hồ trong thơ ca dân gian các dân tộc thiểu số... | ||
| 650 | |a Văn hóa,Culture | ||
| 650 | |z Việt Nam,Vietnam | ||
| 910 | |b nthai | ||
| 980 | |a Trung tâm Học liệu Trường Đại học Cần Thơ | ||